| 000 | 00353nam a2200133Ia 4500 | ||
|---|---|---|---|
| 008 | 150202s9999 xx 000 0 und d | ||
| 020 | _a553148613 | ||
| 050 |
_aFIC _bFIC |
||
| 100 | _aDelany, Samuel R. | ||
| 245 |
_aDhalgren / _cSamuel R. Delany. |
||
| 260 |
_aNew York : _bBantam Books, _c1974. |
||
| 300 |
_a878 pages : _c18 cm. |
||
| 650 | _aFiction. | ||
| 999 |
_c281971 _d281971 |
||